| 000 | 01978nam a22003017a 4500 | ||
|---|---|---|---|
| 001 | 1512 | ||
| 005 | 20231003084901.0 | ||
| 020 | _a9789924340843 | ||
| 040 |
_aFISKH _beng _cFISKH _dFISKH |
||
| 082 | _a959.6 | ||
| 100 | _aVicheka, Khoun | ||
| 245 |
_aជនជាតិខ្មែរ / _bឆ្នាំ ១៩៥៣-បច្ចុប្បន្ន _cនិពន្ធដោយ ឃួន វិច្ចិកា |
||
| 250 | _aបោះពុម្ពលើកទី ២ ខែសីហា ២០២២ | ||
| 260 |
_aPhnom Penh : _bSipar, _c2022. |
||
| 300 |
_a44 pages : _bmaps ; color illustrations ; _c20 cm |
||
| 490 | _aខ្ញុំចង់ដឹង | ||
| 505 | _aZ' | ||
| 520 | _aខ្មែរភាគទី៣ ចាប់ពីឆ្នាំ១៩៥៣ ដល់បច្ចុប្បន្ន ពិពណ៌នាអំពីព្រឹត្តិការណ៍ប្រវត្តិសាស្ត្រសំខាន់ៗឆ្នាំ១៩៥៣ រហូតដល់សតវត្សទី២០ រួមមាននយោបាយ កុម្មុយនិស្ត សង្គ្រាមស៊ីវិល ការកសាងឡើងវិញក្រោយសង្គ្រាម និងការបោះឆ្នោតលើកដំបូង។ | ||
| 520 | _aThe Khmers Part 3, from 1953 – present describes significant historical events from 1953 until the 20th century including politics, communism, civil war, rebuilding after war and the first election. | ||
| 521 |
_a1000
_bLexile estimate |
||
| 521 |
_aZ'
_bRaz-Plus |
||
| 650 |
_aបច្ចុប្បន្ន _vនយោបាយ _xការបោះឆ្នោត _yលទ្ធិកុម្មុនីស |
||
| 650 |
_aPresent _vPolitic _xElection _yCommunist |
||
| 700 |
_aVisoth, Seng _billustrator |
||
| 700 |
_aLapros, Lak _cillustrator |
||
| 700 |
_aHugues, Piolet _cillustrator |
||
| 942 |
_2ddc _cBK _n0 |
||
| 999 |
_c1512 _d1512 |
||